[Event "XXVIII Memorial Edoardo Crespi A"]
[Site "Milano ITA"]
[Date "2007.12.08"]
[Round "6"]
[White "Salvador, Roland"]
[Black "Galli, Fabio"]
[Result "1-0"]
[WhiteElo "2456"]
[BlackElo "2079"]
[PlyCount "83"]
[EventDate "2007.12.05"]

1. d4 d5 2. Nf3 Nc6 3. Bf4 Bf5 4. e3 Nf6 5. c4 Bxb1 6. Rxb1 e6 7. c5 Be7 8. Bb5
O-O 9. Bxc6 bxc6 10. Ne5 Qe8 11. Qa4 Nh5 12. Qxc6 Nxf4 13. exf4 Qxc6 14. Nxc6
Bf6 15. Rd1 a5 16. Kd2 Ra6 17. Ne5 Bxe5 18. fxe5 Rb8 19. Kc3 c6 20. Rd3 Ra7 21.
Kc2 a4 22. Ra3 f6 23. Re1 Kf7 24. Kc3 f5 25. b3 Rba8 26. Rb1 axb3 27. Rxa7+
Rxa7 28. axb3 Ke7 29. Kb2 Kd7 30. Ra1 Rxa1 31. Kxa1 Kc7 32. Kb2 Kb7 33. Ka3 Ka6
34. Ka4 g5 35. f3 f4 36. h3 Ka7 37. Ka5 Kb7 38. b4 Ka7 39. b5 Kb7 40. bxc6+
Kxc6 41. Ka6 h5 42. Ka5 1-0

[Event "XXVIII Memorial Edoardo Crespi A"]
[Site "Milano ITA"]
[Date "2007.12.09"]
[Round "7"]
[White "Abdelatief, Abdelhakiem"]
[Black "Bernago, Federico"]
[Result "1/2-1/2"]
[WhiteElo "1930"]
[BlackElo "2002"]
[PlyCount "157"]
[EventDate "2007.12.05"]

1. d4 Nf6 2. c4 c5 3. d5 b5 4. b3 d6 5. Qc2 g6 6. e4 Bg7 7. Bb2 Nbd7 8. cxb5 a6
9. bxa6 O-O 10. Bd3 Bxa6 11. Bxa6 Rxa6 12. Ne2 Qb6 13. Nd2 Rb8 14. O-O Qa7 15.
Bc3 Rc8 16. a4 Rb8 17. Rfb1 Ng4 18. Bxg7 Kxg7 19. h3 Ngf6 20. Nf4 Ne5 21. Nd3
Nfd7 22. Qc3 Kg8 23. Ne1 Nf6 24. Qe3 Kg7 25. f4 Ned7 26. Kh2 Qc7 27. Nef3 Nb6
28. Rc1 Nbd7 29. g4 h6 30. Qc3 Qa5 31. Qb2 Kg8 32. Rg1 Qb4 33. Qc2 Nb6 34. Qd3
Rba8 35. Rac1 R6a7 36. Nc4 Nxc4 37. Rxc4 Qb7 38. g5 hxg5 39. Rxg5 Rb8 40. Nd2
Nh7 41. Rg2 Qd7 42. Rc1 Kf8 43. Qc3 Nf6 44. f5 gxf5 45. Qg3 e6 46. exf5 exd5
47. Qg7+ Ke7 48. Re1+ Ne4 49. f6+ Kd8 50. Nxe4 dxe4 51. Rxe4 Qf5 52. Qf8+ Kc7
53. Qxf7+ Kb6 54. Qe6 Qxe6 55. Rxe6 Kc6 56. Rd2 Rd7 57. Rd3 Rf8 58. Kg3 Rff7
59. Kg4 Kc7 60. Kf5 Rf8 61. Kg5 Rh8 62. a5 Ra8 63. Kg6 Rf8 64. Re7 Kc6 65. a6
Rdd8 66. f7 d5 67. Kg7 d4 68. h4 Kb5 69. a7 c4 70. bxc4+ Kxc4 71. Rxd4+ Kxd4
72. Rd7+ Rxd7 73. Kxf8 Rxa7 74. Kg8 Ra8+ 75. Kg7 Kd5 76. h5 Ke6 77. f8=Q Rxf8
78. Kxf8 Kf6 79. h6 1/2-1/2

[Event "XXVIII Memorial Edoardo Crespi A"]
[Site "Milano ITA"]
[Date "2007.12.09"]
[Round "7"]
[White "Arboscelli, Gregorio"]
[Black "Virzi, Ettore"]
[Result "1/2-1/2"]
[WhiteElo "1913"]
[BlackElo "1956"]
[PlyCount "48"]
[EventDate "2007.12.05"]

1. d4 d5 2. c4 e6 3. Nc3 c6 4. e3 Nf6 5. Nf3 Nbd7 6. Bd3 dxc4 7. Bxc4 b5 8. Bd3
Bb7 9. O-O a6 10. Qe2 Bd6 11. e4 e5 12. Bg5 Qe7 13. dxe5 Nxe5 14. Nxe5 Bxe5 15.
f4 Bxc3 16. bxc3 O-O 17. e5 Qc5+ 18. Kh1 Nd5 19. Qh5 g6 20. Qh6 Rfe8 21. f5 Qf8
22. fxg6 hxg6 23. Qxf8+ Rxf8 24. c4 Nc7 1/2-1/2

[Event "XXVIII Memorial Edoardo Crespi A"]
[Site "Milano ITA"]
[Date "2007.12.09"]
[Round "7"]
[White "Astengo, Corrado"]
[Black "Calvi, Gianluca"]
[Result "1-0"]
[WhiteElo "2122"]
[BlackElo "1901"]
[PlyCount "35"]
[EventDate "2007.12.05"]

1. e4 c5 2. Nf3 d6 3. d4 cxd4 4. Nxd4 Nf6 5. Nc3 a6 6. Bg5 Qb6 7. Bxf6 Qxb2 8.
Nd5 gxf6 9. Nc7+ Kd8 10. Nxa8 Qc3+ 11. Ke2 Nc6 12. Nxc6+ Qxc6 13. Qd4 Qxc2+ 14.
Kf3 f5 15. Bd3 Qd2 16. exf5 e5 17. fxe6 Bg7 18. Qxd6+ 1-0

[Event "XXVIII Memorial Edoardo Crespi A"]
[Site "Milano ITA"]
[Date "2007.12.09"]
[Round "7"]
[White "Bemporad, Filippo"]
[Black "D'Apa, Matteo"]
[Result "1/2-1/2"]
[WhiteElo "2082"]
[BlackElo "2085"]
[PlyCount "103"]
[EventDate "2007.12.05"]

1. d4 d5 2. Nf3 c6 3. c4 e6 4. Nbd2 Nf6 5. g3 Be7 6. Bg2 Nbd7 7. O-O O-O 8. Qc2
b6 9. b3 Ba6 10. Bb2 Rc8 11. Rac1 c5 12. Qb1 b5 13. cxd5 Nxd5 14. Rfd1 c4 15.
e4 N5b6 16. bxc4 bxc4 17. Qc2 Bb4 18. Nb1 Bb5 19. Nc3 Bxc3 20. Qxc3 Na4 21. Qb4
Nxb2 22. Qxb2 Qa5 23. Bf1 a6 24. a3 c3 25. Qb4 Qxb4 26. axb4 Nb6 27. Bxb5 axb5
28. Rc2 Na4 29. d5 Rc4 30. Rd4 exd5 31. exd5 Rd8 32. Rxc4 bxc4 33. Ne5 Rxd5 34.
Nxc4 Rb5 35. Kf1 Rxb4 36. Ne3 Rb2 37. Ke2 Nc5 38. Kd1 Ne4 39. Ke2 Rxc2+ 40.
Nxc2 Kf8 41. f3 Nd2 42. Nd4 Ke7 43. f4 Kf6 44. Nb5 Nf3 45. Nxc3 Nxh2 46. Nd5+
Kg6 47. Ne3 f5 48. Nd5 Kh5 49. Kf2 Ng4+ 50. Kf3 g5 51. Ne7 Nh6 52. Nxf5 1/2-1/2

[Event "XXVIII Memorial Edoardo Crespi A"]
[Site "Milano ITA"]
[Date "2007.12.09"]
[Round "7"]
[White "Bisignano, Giuseppe"]
[Black "Cardani, Roberto"]
[Result "1-0"]
[WhiteElo "1980"]
[BlackElo "1923"]
[PlyCount "73"]
[EventDate "2007.12.05"]

1. e4 c5 2. Nf3 d6 3. d4 cxd4 4. Nxd4 Nf6 5. Nc3 a6 6. Be2 e5 7. Nb3 Be7 8. Be3
Be6 9. O-O O-O 10. Na4 Nbd7 11. Qe1 b5 12. Nc3 Nb6 13. Rd1 Nc4 14. Bc1 Qc7 15.
f4 exf4 16. Rxf4 Ne5 17. Nd4 d5 18. Nxe6 fxe6 19. exd5 Nxd5 20. Nxd5 exd5 21.
Rxd5 Bf6 22. Kh1 Qxc2 23. Be3 Ng6 24. Rf2 Qe4 25. Bf3 Qe8 26. Re2 Qc8 27. Rc5
Qd7 28. Bxa8 Rxa8 29. Rec2 Be5 30. Rd2 Qg4 31. Rcd5 h5 32. h3 Qe4 33. Rd8+ Rxd8
34. Rxd8+ Kh7 35. Re8 Nf4 36. Qg3 Qb1+ 37. Kh2 1-0

[Event "XXVIII Memorial Edoardo Crespi A"]
[Site "Milano ITA"]
[Date "2007.12.09"]
[Round "7"]
[White "Bove, Alessandro"]
[Black "Mazzini, Antonio"]
[Result "1/2-1/2"]
[WhiteElo "2195"]
[BlackElo "2106"]
[PlyCount "61"]
[EventDate "2007.12.05"]

1. e4 c5 2. Nf3 Nc6 3. b3 e5 4. Bb2 d6 5. Nc3 g6 6. Bc4 Bg7 7. O-O Nh6 8. Ne2
Be6 9. Ne1 Bxc4 10. bxc4 O-O 11. Rb1 Rb8 12. f4 f5 13. fxe5 Bxe5 14. Bxe5 Nxe5
15. Nf4 fxe4 16. Qe2 Qd7 17. Qxe4 Qc6 18. Nd5 Rxf1+ 19. Kxf1 Rf8+ 20. Kg1 Kg7
21. Nd3 Nxd3 22. Qxd3 Nf5 23. Qa3 Rf7 24. Qxa7 Nd4 25. Qb8 b5 26. Re1 bxc4 27.
Ne7 Nf3+ 28. gxf3 Qxf3 29. Qb2+ Kh6 30. Ng8+ Kh5 31. Qa1 1/2-1/2

[Event "XXVIII Memorial Edoardo Crespi A"]
[Site "Milano ITA"]
[Date "2007.12.09"]
[Round "7"]
[White "Cazzaniga, Walter"]
[Black "Quagliarella, Sabino Remo"]
[Result "1-0"]
[WhiteElo "2167"]
[BlackElo "1950"]
[PlyCount "83"]
[EventDate "2007.12.05"]

1. d4 g6 2. c4 c6 3. e4 d6 4. Nc3 Bg7 5. Be3 Nd7 6. Qd2 Qa5 7. Nf3 h5 8. Be2
Nh6 9. h3 c5 10. O-O cxd4 11. Nxd4 Ne5 12. f4 Nc6 13. a3 Bd7 14. b4 Qd8 15.
Rad1 O-O 16. Nxc6 bxc6 17. f5 Kh7 18. f6 exf6 19. Qxd6 Be6 20. Qxc6 Qc8 21.
Qxc8 Rfxc8 22. Nd5 f5 23. Bxh6 Kxh6 24. exf5 gxf5 25. Bf3 Rab8 26. c5 Bb2 27.
Rd3 a5 28. Nb6 Rc7 29. Rb1 axb4 30. axb4 Bf6 31. Rbd1 Ra7 32. Bd5 Ra1 33. Bxe6
fxe6 34. Nd7 Rxd1+ 35. Rxd1 Rd8 36. c6 Be5 37. b5 Bc7 38. Kf1 e5 39. Ke2 Ba5
40. b6 Rg8 41. Rd6+ Kg5 42. Rd5 1-0

[Event "XXVIII Memorial Edoardo Crespi A"]
[Site "Milano ITA"]
[Date "2007.12.09"]
[Round "7"]
[White "Crippa, Gabriele"]
[Black "Bozzali, Ermanno"]
[Result "1/2-1/2"]
[WhiteElo "2087"]
[BlackElo "2136"]
[PlyCount "78"]
[EventDate "2007.12.05"]

1. Nf3 c5 2. d3 d5 3. c3 Nc6 4. Bf4 g6 5. Nbd2 Bg7 6. e4 Nh6 7. Nb3 b6 8. Qc1
Ng4 9. h3 dxe4 10. dxe4 Nge5 11. Nxe5 Nxe5 12. Qe3 O-O 13. Rd1 Qc7 14. Qg3 Be6
15. Be2 Rad8 16. O-O f6 17. Nd2 Qc6 18. Bxe5 fxe5 19. Qe3 b5 20. b3 Rf4 21.
Rfe1 Rdf8 22. Nf3 Rxe4 23. Bxb5 Rxe3 24. Bxc6 Rxc3 25. Ng5 Bc8 26. Bd5+ e6 27.
Bxe6+ Bxe6 28. Nxe6 Re8 29. Nxg7 Kxg7 30. Rc1 Rxc1 31. Rxc1 Rc8 32. Rc4 Kf6 33.
Kf1 Ke6 34. Ke2 Kd5 35. Ke3 Rf8 36. Ra4 Rf7 37. h4 Rb7 38. g3 Rf7 39. f3 Rb7
1/2-1/2

[Event "XXVIII Memorial Edoardo Crespi A"]
[Site "Milano ITA"]
[Date "2007.12.09"]
[Round "7"]
[White "Damia, Angelo"]
[Black "Drazic, Sinisa"]
[Result "0-1"]
[WhiteElo "2266"]
[BlackElo "2493"]
[PlyCount "74"]
[EventDate "2007.12.05"]

1. e4 c5 2. a3 e6 3. b4 b6 4. bxc5 bxc5 5. Nc3 Nc6 6. Rb1 d6 7. Bb5 Bd7 8. Nge2
Nf6 9. O-O Be7 10. d4 Nxd4 11. Nxd4 cxd4 12. Qxd4 O-O 13. Bxd7 Qxd7 14. Bg5 h6
15. Bh4 Rfc8 16. Rb3 Ne8 17. Bxe7 Qxe7 18. Rfb1 Qc7 19. h3 a6 20. Na4 Rab8 21.
Rxb8 Rxb8 22. Rxb8 Qxb8 23. Qb4 Qc7 24. c4 a5 25. Qb5 Nf6 26. e5 dxe5 27. c5 e4
28. Nb6 Qe5 29. Nc4 Qc3 30. c6 Nd5 31. g3 Kh7 32. Qc5 e3 33. fxe3 Qe1+ 34. Kg2
Qe2+ 35. Kg1 Qf3 36. Qd4 Qxg3+ 37. Kh1 Qxh3+ 0-1

[Event "XXVIII Memorial Edoardo Crespi A"]
[Site "Milano ITA"]
[Date "2007.12.09"]
[Round "7"]
[White "Facchetti, Gianni"]
[Black "Giannetta, Paolo"]
[Result "1-0"]
[WhiteElo "2160"]
[BlackElo "1947"]
[PlyCount "56"]
[EventDate "2007.12.05"]

1. e4 d5 2. exd5 Qxd5 3. Nc3 Qd6 4. d4 Nf6 5. Be2 c6 6. Bf3 Bf5 7. Nge2 e6 8.
a3 a5 9. Bf4 Qd8 10. Na4 Bd6 11. Bxd6 Qxd6 12. Nb6 Ra6 13. Nc4 Qc7 14. Ng3 Bg6
15. O-O Nbd7 16. Qd2 O-O 17. c3 b5 18. Ne3 Nb6 19. Rfe1 Raa8 20. Qe2 Nbd5 21.
Bxd5 Nxd5 22. Nxd5 cxd5 23. Qd2 Rac8 24. h4 h6 25. Ne2 Qc4 26. Nf4 Bh7 27. Re3
b4 28. axb4 axb4 1-0

[Event "XXVIII Memorial Edoardo Crespi A"]
[Site "Milano ITA"]
[Date "2007.12.09"]
[Round "7"]
[White "Hubschmid, Stefan"]
[Black "Barberi, Alessandro"]
[Result "1-0"]
[WhiteElo "2066"]
[BlackElo "2157"]
[PlyCount "57"]
[EventDate "2007.12.05"]

1. e4 g6 2. d4 Bg7 3. Nf3 d6 4. Nc3 a6 5. a4 b6 6. Bd3 Bb7 7. O-O Nd7 8. Be3 e6
9. Qd2 h6 10. Ne1 c5 11. dxc5 Nxc5 12. f4 Nf6 13. f5 Nfxe4 14. Bxe4 Nxe4 15.
Nxe4 Bxe4 16. fxe6 fxe6 17. Qb4 d5 18. Bxb6 Rb8 19. a5 Rf8 20. Nd3 Bxd3 21.
cxd3 Rf5 22. Rxf5 gxf5 23. Rc1 Qd7 24. d4 Rc8 25. Rxc8+ Qxc8 26. Bc5 Kd7 27.
Qb6 Qc7 28. Qxa6 Bxd4+ 29. Bxd4 1-0

[Event "XXVIII Memorial Edoardo Crespi A"]
[Site "Milano ITA"]
[Date "2007.12.09"]
[Round "7"]
[White "Martinez, Rolly"]
[Black "Salvador, Roland"]
[Result "1/2-1/2"]
[WhiteElo "2447"]
[BlackElo "2456"]
[PlyCount "33"]
[EventDate "2007.12.05"]

1. Nf3 f5 2. d4 Nf6 3. c4 e6 4. Nc3 d5 5. Bg5 c6 6. e3 Be7 7. Be2 O-O 8. O-O
Ne4 9. Bxe7 Qxe7 10. Ne5 Nd7 11. Nxd7 Bxd7 12. f4 Rab8 13. Nxe4 fxe4 14. Rc1
Rf6 15. g4 g6 16. g5 Rf7 17. h4 1/2-1/2

[Event "XXVIII Memorial Edoardo Crespi A"]
[Site "Milano ITA"]
[Date "2007.12.09"]
[Round "7"]
[White "Moreschi, Mauro"]
[Black "Brunetti, Alessandro"]
[Result "0-1"]
[WhiteElo "1944"]
[BlackElo "2002"]
[PlyCount "68"]
[EventDate "2007.12.05"]

1. e4 d5 2. Nc3 dxe4 3. Nxe4 Bf5 4. Ng3 Bg6 5. Bc4 e6 6. d3 Nf6 7. Qf3 c6 8.
Bd2 Nbd7 9. Bc3 Bd6 10. Qe2 O-O 11. Nf3 h6 12. O-O Re8 13. Ne4 Be7 14. Ne5 Nxe5
15. Bxe5 Nd7 16. Bc3 Nb6 17. Ba5 Qd4 18. c3 Qe5 19. Bxb6 axb6 20. f4 Qc7 21. g4
Bxe4 22. dxe4 b5 23. Bb3 b4 24. f5 exf5 25. Rxf5 Rf8 26. Raf1 bxc3 27. bxc3 Bf6
28. Rxf6 gxf6 29. Rxf6 Rad8 30. Rxh6 Qf4 31. Rh3 Qd2 32. Qxd2 Rxd2 33. Rf3 Kg7
34. g5 Re2 0-1

[Event "XXVIII Memorial Edoardo Crespi A"]
[Site "Milano ITA"]
[Date "2007.12.09"]
[Round "7"]
[White "Papale, Carmelo"]
[Black "De Santis, Alessio"]
[Result "0-1"]
[WhiteElo "1899"]
[BlackElo "2367"]
[PlyCount "56"]
[EventDate "2007.12.05"]

1. e4 d6 2. Nf3 g6 3. d3 Bg7 4. g3 c5 5. Bg2 Nc6 6. Nbd2 e5 7. Nc4 Nge7 8. O-O
h6 9. Nfd2 Be6 10. f4 exf4 11. Rxf4 Bd4+ 12. Kh1 b5 13. c3 Bg7 14. Ne3 O-O 15.
Qf1 b4 16. Nb1 a5 17. a3 a4 18. Bd2 Na5 19. axb4 Nb3 20. Ra3 cxb4 21. cxb4 Nxd2
22. Nxd2 Bxb2 23. Ra1 a3 24. Ndc4 Bxa1 25. Qxa1 a2 26. b5 d5 27. exd5 Nxd5 28.
Ng4 Nxf4 0-1

[Event "XXVIII Memorial Edoardo Crespi A"]
[Site "Milano ITA"]
[Date "2007.12.09"]
[Round "7"]
[White "Pasquotto, Mirko"]
[Black "Piantoni, Pierino"]
[Result "0-1"]
[WhiteElo "1939"]
[BlackElo "1942"]
[PlyCount "56"]
[EventDate "2007.12.05"]

1. e4 e6 2. d4 d5 3. Nc3 Bb4 4. e5 c5 5. a3 Bxc3+ 6. bxc3 Qc7 7. Qd2 Bd7 8. a4
Ne7 9. Nf3 O-O 10. Bb5 a6 11. Bxd7 Nxd7 12. Ba3 b6 13. O-O Nc6 14. Qd3 f6 15.
Rfe1 Rae8 16. exf6 Rxf6 17. Bc1 c4 18. Qe2 h6 19. g3 e5 20. dxe5 Ndxe5 21. Nxe5
Rxe5 22. Be3 b5 23. Qd2 bxa4 24. Rxa4 a5 25. Rb1 Rh5 26. Rb5 Qd7 27. Ra1 Ne5
28. Rb8+ Kh7 0-1

[Event "XXVIII Memorial Edoardo Crespi A"]
[Site "Milano ITA"]
[Date "2007.12.09"]
[Round "7"]
[White "Quaranta, Cristiano"]
[Black "Rettore, Ludwig"]
[Result "0-1"]
[WhiteElo "2070"]
[BlackElo "2177"]
[PlyCount "90"]
[EventDate "2007.12.05"]

1. Nf3 d5 2. d4 Nf6 3. c4 e6 4. Nc3 c6 5. e3 Nbd7 6. Ne5 Nxe5 7. dxe5 Nd7 8. f4
Be7 9. Bd3 Nc5 10. Be2 O-O 11. O-O f5 12. cxd5 exd5 13. b3 Ne6 14. Bb2 Bc5 15.
Qd3 b5 16. Kh1 a5 17. Bf3 b4 18. Ne2 Ba6 19. Qd2 Qb6 20. Bc1 Rad8 21. g3 d4 22.
e4 d3 23. Ng1 g6 24. exf5 gxf5 25. Bg2 Nd4 26. Bb2 Ne2 27. Nf3 Be3 28. Qd1 Nc3
29. Bxc3 bxc3 30. Ng5 c5 31. e6 Bb7 32. Qh5 Bxg2+ 33. Kxg2 Qb7+ 34. Kh3 Qg7 35.
Kg2 d2 36. Nf7 Rde8 37. Nh6+ Kh8 38. Nf7+ Rxf7 39. exf7 Rf8 40. Qxf5 Rxf7 41.
Qc2 Qd4 42. a4 Qd5+ 43. Rf3 Bd4 44. Rb1 Re7 45. Qd3 Re3 0-1

[Event "XXVIII Memorial Edoardo Crespi A"]
[Site "Milano ITA"]
[Date "2007.12.09"]
[Round "7"]
[White "Vinzoni, Andrea"]
[Black "Iudicello, Giovanni"]
[Result "0-1"]
[WhiteElo "2073"]
[BlackElo "2171"]
[PlyCount "72"]
[EventDate "2007.12.05"]

1. d4 Nf6 2. c4 g6 3. Nc3 Bg7 4. e4 d6 5. Nf3 O-O 6. Be2 e5 7. O-O Nc6 8. d5
Ne7 9. Ne1 Ne8 10. Be3 f5 11. f3 f4 12. Bf2 g5 13. c5 Ng6 14. a4 Rf7 15. a5 Bf8
16. Nd3 Rg7 17. cxd6 Bxd6 18. b4 h5 19. Nc5 Bxc5 20. bxc5 g4 21. fxg4 Qg5 22.
d6 hxg4 23. Qb3+ Kh8 24. Nd5 cxd6 25. Bb5 Bd7 26. Bxd7 Rxd7 27. a6 bxa6 28. c6
Rh7 29. Rfc1 Nc7 30. Nxc7 Rxc7 31. Rab1 Rac8 32. Qe6 g3 33. hxg3 fxg3 34. Bxa7
Nf4 35. Qc4 Rxa7 36. Rb7 Qh5 0-1

[Event "XXVIII Memorial Edoardo Crespi B"]
[Site "Milano ITA"]
[Date "2007.12.06"]
[Round "1"]
[White "Acunzo, Domenico"]
[Black "Giovannini, Roberto"]
[Result "1-0"]
[WhiteElo "1775"]
[BlackElo "2013"]
[PlyCount "115"]
[EventDate "2007.12.06"]

1. e4 c6 2. d4 d5 3. exd5 cxd5 4. c4 Nf6 5. Nc3 Bf5 6. Nf3 e6 7. c5 Nc6 8. Bb5
a6 9. Ba4 b5 10. cxb6 Qxb6 11. Ne5 Rc8 12. Nxc6 Rxc6 13. Bxc6+ Qxc6 14. O-O Bd6
15. Qa4 Qxa4 16. Nxa4 O-O 17. Be3 Ng4 18. h3 Nf6 19. Rac1 Bd3 20. Rfd1 Be2 21.
Rd2 Bb5 22. Nc5 Nh5 23. g4 Nf4 24. Rcc2 Nxh3+ 25. Kh1 Nf4 26. Bxf4 Bxf4 27. Rd1
Rc8 28. Rc3 Be2 29. Rg1 g6 30. g5 Kg7 31. Re1 Bg4 32. Ra3 Bd2 33. Rg1 Be2 34.
f3 Bb4 35. Re3 Bc4 36. b3 Bb5 37. a4 Be8 38. Nxa6 Bd2 39. Re2 Bf4 40. Nc5 Rb8
41. Rg4 Bd6 42. Rb2 e5 43. Nd3 Bd7 44. Rg1 Bf5 45. Nxe5 Ba3 46. Rgg2 Bxb2 47.
Rxb2 Rc8 48. Kg2 Rc2+ 49. Rxc2 Bxc2 50. a5 Bf5 51. a6 Bc8 52. a7 Bb7 53. Nd7
Bc6 54. b4 Bb7 55. b5 Ba8 56. b6 Bb7 57. Nc5 Bc6 58. b7 1-0

[Event "XXVIII Memorial Edoardo Crespi B"]
[Site "Milano ITA"]
[Date "2007.12.06"]
[Round "1"]
[White "Albrizio, Mauro"]
[Black "D'Aulisa, Francesco"]
[Result "1/2-1/2"]
[WhiteElo "1692"]
[BlackElo "1852"]
[PlyCount "89"]
[EventDate "2007.12.06"]

1. e4 d6 2. d4 e6 3. Nf3 h6 4. Bd3 a6 5. O-O Nd7 6. Bf4 Ne7 7. c4 b6 8. Nc3 Bb7
9. Re1 g5 10. Be3 Bg7 11. Rc1 e5 12. Qb3 Ng6 13. c5 g4 14. d5 Nxc5 15. Bxc5
gxf3 16. Be3 fxg2 17. Be2 Nf4 18. Bxf4 exf4 19. Bf3 Qg5 20. Ne2 Rc8 21. Qb4 Be5
22. Nd4 Bxd4 23. Qxd4 f6 24. Rc3 Rg8 25. Rec1 Rg7 26. Qa4+ Kf8 27. Qd1 Ba8 28.
Qe2 Bb7 29. a4 Kg8 30. Qd1 Kh8 31. R1c2 f5 32. Qc1 fxe4 33. Bxe4 Bxd5 34. Bxd5
Qxd5 35. Rd2 Qe5 36. Rh3 Qe6 37. Rf3 Re8 38. Rd1 Qe5 39. Rxf4 Rge7 40. Kxg2
Qg5+ 41. Kh1 Re1+ 42. Rxe1 Rxe1+ 43. Qxe1 Qxf4 44. Qc3+ Kg8 45. Qxc7 1/2-1/2

[Event "XXVIII Memorial Edoardo Crespi B"]
[Site "Milano ITA"]
[Date "2007.12.06"]
[Round "1"]
[White "Alidosi, Marco"]
[Black "Cervini, Gian Piero"]
[Result "1-0"]
[WhiteElo "1512"]
[BlackElo "1766"]
[PlyCount "87"]
[EventDate "2007.12.06"]

1. Nf3 Nf6 2. g3 g6 3. Bg2 Bg7 4. O-O O-O 5. d3 d6 6. e4 Nc6 7. c3 Bd7 8. Re1
Qc8 9. Na3 Bh3 10. Bh1 h5 11. Bg5 Nh7 12. Qd2 Qg4 13. Bh6 f5 14. Bxg7 Kxg7 15.
exf5 Rxf5 16. Nh4 Rf7 17. Re4 Qd7 18. d4 Raf8 19. f4 e5 20. Ng2 Nf6 21. Ree1
exf4 22. Nxf4 Bf5 23. Nc4 b5 24. Ne3 Be4 25. Bxe4 Nxe4 26. Qd3 g5 27. Nxh5+ Kh6
28. Qxe4 Kxh5 29. Rf1 Re7 30. g4+ Kh6 31. Nf5+ Rxf5 32. Qxf5 Qe8 33. Qf6+ Kh7
34. Qxg5 Rg7 35. Qf5+ Kh6 36. Rae1 Ne7 37. Qf6+ Kh7 38. h3 Qd7 39. Qh4+ Kg8 40.
Rf2 Nf5 41. Qh5 Ng3 42. Re8+ Qxe8 43. Qxe8+ Kh7 44. Kg2 1-0

[Event "XXVIII Memorial Edoardo Crespi B"]
[Site "Milano ITA"]
[Date "2007.12.06"]
[Round "1"]
[White "Bondi', Fabio"]
[Black "Brighenti, Alessandro"]
[Result "1-0"]
[WhiteElo "1820"]
[BlackElo "1614"]
[PlyCount "98"]
[EventDate "2007.12.06"]

1. d4 Nf6 2. Bf4 g6 3. h3 Bg7 4. e3 O-O 5. Nf3 c5 6. c3 Qb6 7. Qc1 d6 8. Nbd2
Nc6 9. Be2 Bf5 10. O-O Rac8 11. Nc4 Qa6 12. Qd1 b5 13. Na3 c4 14. Nb1 Nd5 15.
Nbd2 Nxf4 16. exf4 e5 17. g4 Be6 18. fxe5 dxe5 19. dxe5 Nxe5 20. Nxe5 Bxe5 21.
a3 Rcd8 22. Qc2 Bf4 23. Nf3 Bd5 24. Nd4 Qb7 25. f3 Qb8 26. Bd1 Rfe8 27. Qg2 Re7
28. Bc2 Rde8 29. Kh1 Re3 30. Rad1 a6 31. Rf2 Qe5 32. Rdf1 Bg3 33. Rd2 Re1 34.
Rd1 Rxd1 35. Rxd1 Qe1+ 36. Qf1 Qxd1 37. Qxd1 Re1+ 38. Qxe1 Bxe1 39. Kg2 Bd2 40.
Ne2 Be6 41. Be4 Bc8 42. f4 Kf8 43. Kf3 Ke7 44. Ba8 f5 45. Bd5 Be6 46. Bb7 a5
47. Ba6 Bd7 48. Bb7 Kd6 49. g5 49... Be6 $139 1-0

[Event "XXVIII Memorial Edoardo Crespi B"]
[Site "Milano ITA"]
[Date "2007.12.06"]
[Round "1"]
[White "Cani, Gazmir"]
[Black "Cartella, Giovanni"]
[Result "1-0"]
[WhiteElo "1719"]
[BlackElo "1868"]
[PlyCount "103"]
[EventDate "2007.12.06"]

1. e4 c5 2. Nf3 d6 3. d4 cxd4 4. Nxd4 Nf6 5. Nc3 a6 6. Bg5 e6 7. f4 Be7 8. Qf3
Nbd7 9. O-O-O Qc7 10. g4 O-O 11. Bxf6 Nxf6 12. h4 b5 13. g5 Ne8 14. a3 Bb7 15.
Bh3 Qc4 16. Qf1 Qxf1 17. Rhxf1 Nc7 18. f5 Rfe8 19. fxe6 fxe6 20. Nxe6 Nxe6 21.
Bxe6+ Kh8 22. Bd5 Rab8 23. Bxb7 Rxb7 24. Rd5 Kg8 25. Rdf5 g6 26. R5f4 b4 27.
axb4 Rxb4 28. Nd5 Rb7 29. Nf6+ Bxf6 30. gxf6 Kf7 31. b3 Rb4 32. Rd1 Re6 33. Kb2
Rb6 34. c4 Rxf6 35. Rxf6+ Kxf6 36. Rd5 Ke6 37. Kc3 h6 38. b4 Rb8 39. Ra5 Rb6
40. Rd5 Rb8 41. c5 dxc5 42. bxc5 a5 43. Rd6+ Ke5 44. Rxg6 Kxe4 45. Rxh6 Kd5 46.
c6 Rc8 47. h5 Kc5 48. Rg6 Kb6 49. h6 Ra8 50. h7 Rh8 51. Rh6 Kc7 52. Kb3 1-0

[Event "XXVIII Memorial Edoardo Crespi B"]
[Site "Milano ITA"]
[Date "2007.12.06"]
[Round "1"]
[White "Cantu', Guido"]
[Black "Marcangeli, Alessandro"]
[Result "1-0"]
[WhiteElo "1887"]
[BlackElo "1712"]
[PlyCount "47"]
[EventDate "2007.12.06"]

1. e4 c5 2. Nf3 d6 3. d4 cxd4 4. Nxd4 Nf6 5. Nc3 g6 6. Be3 Bg7 7. f3 O-O 8. Qd2
Nc6 9. Bc4 Bd7 10. O-O-O a6 11. h4 h5 12. Nxc6 Bxc6 13. Bh6 Rc8 14. Bb3 Bd7 15.
Qg5 Kh7 16. Bxg7 Kxg7 17. Rhe1 Rc5 18. e5 Nh7 19. Qf4 dxe5 20. Rxe5 Qc7 21. Nd5
Qd6 22. Rxe7 Qxf4+ 23. Nxf4 Bc6 24. Ne6+ 1-0

[Event "XXVIII Memorial Edoardo Crespi B"]
[Site "Milano ITA"]
[Date "2007.12.06"]
[Round "1"]
[White "Casale, Anania"]
[Black "Marino, Marco"]
[Result "1/2-1/2"]
[WhiteElo "1711"]
[BlackElo "1858"]
[PlyCount "119"]
[EventDate "2007.12.06"]

1. d4 Nf6 2. c4 g6 3. Nc3 Bg7 4. e4 d6 5. f3 O-O 6. Be3 b6 7. Nge2 Bb7 8. Qd2
c5 9. d5 a6 10. Bh6 Nbd7 11. Bxg7 Kxg7 12. Ng3 h5 13. f4 h4 14. Nge2 b5 15.
cxb5 axb5 16. Nxb5 Nxe4 17. Qd3 Ndf6 18. Nec3 Qa5 19. Be2 Ba6 20. O-O Nxc3 21.
bxc3 Bxb5 22. Qxb5 Qxc3 23. Bf3 h3 24. Qe2 Rfe8 25. Kh1 Rab8 26. gxh3 Rb2 27.
Qe1 Qc4 28. f5 Qf4 29. Bg2 Qg5 30. Qg3 Qxg3 31. hxg3 Ra8 32. a4 Rb4 33. fxg6
fxg6 34. Rfe1 Kf7 35. a5 Rb5 36. a6 c4 37. Bf1 Rc5 38. Rec1 Ne4 39. Bxc4 Nxg3+
40. Kg2 Nf5 41. Bd3 Rxd5 42. Be4 Rd2+ 43. Kf3 d5 44. Bxf5 gxf5 45. Kf4 Kf6 46.
Rc6+ e6 47. a7 Rd4+ 48. Ke3 Rb4 49. Rc7 Rb3+ 50. Kd4 Rxh3 51. Rb7 Rhh8 52. Rg1
Rh4+ 53. Kc5 Rc4+ 54. Kb5 f4 55. Rgg7 Rc2 56. Rbf7+ Ke5 57. Rb7 Ke4 58. Ka6
Ra2+ 59. Kb6 Rb2+ 60. Kc7 1/2-1/2

[Event "XXVIII Memorial Edoardo Crespi B"]
[Site "Milano ITA"]
[Date "2007.12.06"]
[Round "1"]
[White "Centofante, Maria Rosa"]
[Black "Landais, Federico"]
[Result "0-1"]
[WhiteElo "1544"]
[BlackElo "1795"]
[PlyCount "74"]
[EventDate "2007.12.06"]

1. d4 Nf6 2. Nf3 g6 3. c4 Bg7 4. Nc3 O-O 5. e4 d6 6. h3 Nbd7 7. Bd3 e5 8. d5 a5
9. Be3 c6 10. Na4 cxd5 11. cxd5 b6 12. O-O Nc5 13. Nxc5 bxc5 14. Qa4 Bd7 15.
Qc2 a4 16. a3 Rb8 17. Rab1 Nh5 18. Nd2 f5 19. exf5 gxf5 20. f4 e4 21. Be2 Ng3
22. Rf2 Nxe2+ 23. Rxe2 Kh8 24. Kh2 Qf6 25. b3 axb3 26. Nxb3 Bb5 27. Rd2 Bd3 28.
Rxd3 exd3 29. Qxd3 Qc3 30. Qxc3 Bxc3 31. Bd2 Rxb3 32. Rxb3 Bxd2 33. g3 c4 34.
Rb6 Rc8 35. Rc6 Rxc6 36. dxc6 Ba5 37. g4 c3 0-1

[Event "XXVIII Memorial Edoardo Crespi B"]
[Site "Milano ITA"]
[Date "2007.12.06"]
[Round "1"]
[White "Cervesato, Ivan"]
[Black "Fizzotti, Mario"]
[Result "1/2-1/2"]
[WhiteElo "1667"]
[BlackElo "1843"]
[PlyCount "99"]
[EventDate "2007.12.06"]

1. c4 Nf6 2. Nc3 e6 3. e4 d5 4. e5 d4 5. exf6 dxc3 6. bxc3 Qxf6 7. d4 c5 8. Nf3
h6 9. Be2 Be7 10. O-O O-O 11. Be3 Nc6 12. Qd2 Rd8 13. Rfd1 cxd4 14. cxd4 b6 15.
Qb2 Na5 16. a3 Ba6 17. Ne5 Rac8 18. Rac1 Bd6 19. Ng4 Qg6 20. c5 Bxe2 21. Qxe2
Bc7 22. cxb6 Bxb6 23. Rxc8 Rxc8 24. Ne5 Qf5 25. Qg4 Qxg4 26. Nxg4 f6 27. h4 Rc3
28. d5 exd5 29. Bxb6 axb6 30. Rxd5 Rxa3 31. Rd8+ Kf7 32. Rd7+ Kg6 33. Ne3 b5
34. Rd5 Ra1+ 35. Kh2 Rb1 36. h5+ Kf7 37. Rd7+ Kf8 38. Nf5 Rb4 39. Nxg7 Re4 40.
Nf5 Rf4 41. Nxh6 Rh4+ 42. Kg3 Rxh5 43. Rf7+ Ke8 44. Rxf6 Ke7 45. Rb6 Nc4 46.
Rb7+ Ke6 47. Ng4 Nd6 48. Rb6 Rg5 49. Kf3 Rf5+ 50. Ke3 1/2-1/2